FUNDAMENTALS OF FIXED PROSTHODONTICS (Record no. 3773)

MARC details
000 -LEADER
fixed length control field 00377nam a2200145Ia 4500
008 - FIXED-LENGTH DATA ELEMENTS--GENERAL INFORMATION
fixed length control field 150201s1997 xx 000 0 und d
082 ## - DEWEY DECIMAL CLASSIFICATION NUMBER
Classification number 617.692
Item number F1997S
100 ## - MAIN ENTRY--PERSONAL NAME
Personal name SHILLINGBERG,H.T.
245 ## - TITLE STATEMENT
Title FUNDAMENTALS OF FIXED PROSTHODONTICS
250 ## - EDITION STATEMENT
Edition statement 3RD
260 ## - PUBLICATION, DISTRIBUTION, ETC. (IMPRINT)
Name of publisher, distributor, etc. QUINTESSENCE PUBLICATION
Place of publication, distribution, etc. U.K
Date of publication, distribution, etc. 1997
300 ## - PHYSICAL DESCRIPTION
Extent 1-580
650 ## - SUBJECT ADDED ENTRY--TOPICAL TERM
Topical term or geographic name as entry element PROSTHODONTICS
942 ## - ADDED ENTRY ELEMENTS (KOHA)
Source of classification or shelving scheme Dewey Decimal Classification
Koha item type Books
Koha issues (borrowed), all copies 3
Holdings
Withdrawn status Lost status Source of classification or shelving scheme Damaged status Not for loan Home library Current library Date acquired Source of acquisition Cost, normal purchase price Serial Enumeration / chronology SGTU Bill Number Total Checkouts Full call number Barcode Date last seen Date last checked out Bill Date Koha item type
    Dewey Decimal Classification     SGT Dental Library SGT Dental Library 22/12/2007 U.B.S.DELHI 2250.00 1 SGTU 821 3 617.692 F1997S FD4650 16/11/2024 14/11/2024 21/09/2012 Books
    Dewey Decimal Classification     SGT Dental Library SGT Dental Library 09/01/2008 DELHI BOOK STORE 1550.00 1 SGTU 1550   617.692 F1997S FD4737 09/02/2015   17/10/2012 Books
    Dewey Decimal Classification     SGT Dental Library SGT Dental Library 09/01/2008 DELHI BOOK STORE( DELHI) 2250.00 1 SGTU 1550 4 617.692 F1997S FD4738 11/05/2018 25/04/2018 17/10/2012 Books
    Dewey Decimal Classification     SGT Dental Library SGT Dental Library 09/01/2008 DELHI BOOK STORE( DELHI) 2250.00 1 SGTU 1550 3 617.692 F1997S FD4739 01/12/2018 01/12/2018 17/10/2012 Books